00451cam a2200157 a 4500020001700000040000800017082002700025100002300052245007800075260004500153300003900198650000900237650001600246650001300262650001800275 a9748496244 : cDLC a633 WHI 1994 C150 Or1 aTanabe, Shigeharu.10aEcology and practical technology :bpeasant farming systems in Thailand / aBangkok ;aCheney :bWhite Lotus,c1994. axx, 300 p. :bill., maps ;c24 cm. 0aRice 0aAgriculture 0aPeasants 0aHuman ecology